00348nam a2200097 4500008004100000040005500041100002200096245005700118260006500175300001000240240729b |||||||| |||| 00| 0 eng d aNational Science LibrarycNational Science Library aDragastan, Ovidiu aAlge calcaroase din mezozoicul si tertiarul Romaniei aBucuresti: bEditura Academiei Republicii Socialiste, c1980 a169p.